[Event "FICGS class M 000120 email"]
[Site "FICGS email"]
[Date "2023.03.20"]
[Round "1"]
[White "Maceda, Coco"]
[Black "Kosic, Branko"]
[Result "1/2-1/2"]
[WhiteElo "2233"]
[BlackElo "2284"]
[PlyCount "66"]
[EventDate "2023.??.??"]
[EventType "tourn (corr)"]
[EventRounds "6"]
[SourceTitle "Corr 2024"]
[Source "ChessBase"]
[SourceDate "2023.10.19"]
[SourceVersion "1"]
[SourceVersionDate "2023.10.19"]
[SourceQuality "1"]

1. d4 f5 2. g3 Nf6 3. Bg2 g6 4. Nf3 Bg7 5. 0-0 0-0 6. c4 d6 7. Nc3 c6 8. Rb1 a5 9. Qc2 Na6 10. Rd1 h6 11. a3 Be6 12. b3 Nc7 13. Nh4 Qe8 14. f4 d5 15. Nf3 b5 16. Ne5 Kh7 17. Bd2 Ne4 18. Nxe4 dxe4 19. a4 b4 20. Be3 Rd8 21. Rd2 h5 22. Rbd1 Bf6 23. h3 Kg7 24. Qc1 Rh8 25. Rc2 Rd6 26. Qd2 g5 27. h4 g4 28. d5 cxd5 29. c5 Rc6 30. Nxc6 Qxc6 31. Bd4 Rd8 32. e3 Bc8 33. Bxf6+ exf6 1/2-1/2

[Event "FICGS W-ch st2 g02 email"]
[Site "FICGS email"]
[Date "2022.11.15"]
[Round "1"]
[White "Kosic, Branko"]
[Black "Ozen, Bahadir"]
[Result "1/2-1/2"]
[WhiteElo "2265"]
[BlackElo "2252"]
[PlyCount "59"]
[EventDate "2022.??.??"]
[EventType "tourn (corr)"]
[EventRounds "6"]
[SourceTitle "Corr 2024"]
[Source "ChessBase"]
[SourceDate "2023.10.19"]
[SourceVersion "1"]
[SourceVersionDate "2023.10.19"]
[SourceQuality "1"]

1. e4 e5 2. Nf3 Nc6 3. d4 exd4 4. Nxd4 Nf6 5. Nxc6 bxc6 6. e5 Qe7 7. Qe2 Nd5 8. h4 Qe6 9. g3 d6 10. c4 Nb6 11. Bg2 dxe5 12. Nd2 Be7 13. b3 0-0 14. Bb2 f6 15. 0-0-0 a5 16. f4 a4 17. Bh3 Qf7 18. Bxc8 Rfxc8 19. fxe5 axb3 20. e6 Qg6 21. axb3 Ra2 22. Nb1 Rb8 23. Nc3 Qxg3 24. Nxa2 Qxb3 25. Rhg1 Na4 26. Bd4 Qa3+ 27. Kd2 Qxa2+ 28. Ke3 Nb2 29. Rb1 Nxc4+ 30. Qxc4 1/2-1/2

[Event "FICGS W-ch st1 gN 01 email"]
[Site "FICGS email"]
[Date "2022.03.14"]
[Round "1"]
[White "Kosic, Branko"]
[Black "Dusk, Jerzy"]
[Result "1/2-1/2"]
[WhiteElo "2255"]
[BlackElo "2222"]
[PlyCount "77"]
[EventDate "2022.??.??"]
[EventType "tourn (corr)"]
[EventRounds "1"]
[SourceTitle "Corr 2024"]
[Source "ChessBase"]
[SourceDate "2023.10.19"]
[SourceVersion "1"]
[SourceVersionDate "2023.10.19"]
[SourceQuality "1"]

1. c4 e5 2. Nc3 Nf6 3. Nf3 Nc6 4. e4 Bb4 5. d3 d6 6. a3 Bc5 7. b4 Bb6 8. Na4 Bd4 9. Rb1 Bg4 10. Be2 Bxf3 11. Bxf3 a6 12. Bd2 Ba7 13. Nc3 Nd4 14. 0-0 c6 15. g3 h5 16. h4 Qd7 17. Be3 0-0 18. Bxd4 Bxd4 19. Qd2 Bb6 20. c5 Bc7 21. Kg2 Rad8 22. Qe3 g6 23. Rfd1 Rfe8 24. d4 exd4 25. Qxd4 Qe7 26. cxd6 Bxd6 27. Qe3 Bc7 28. Rxd8 Rxd8 29. Re1 Nd7 30. Rd1 a5 31. Qg5 Qxg5 32. hxg5 Nf8 33. Be2 Rxd1 34. Bxd1 Bd6 35. Na2 axb4 36. axb4 Ne6 37. f4 Nxf4+ 38. gxf4 Bxf4 39. Be2 1/2-1/2

[Event "FICGS class M 000094 email"]
[Site "FICGS email"]
[Date "2021.05.03"]
[Round "1"]
[White "Kosic, Branko"]
[Black "Perevozchikov, Vjacheslav"]
[Result "1-0"]
[WhiteElo "2255"]
[BlackElo "2253"]
[PlyCount "23"]
[EventDate "2021.??.??"]
[EventType "tourn (corr)"]
[EventRounds "6"]
[SourceTitle "Corr 2022"]
[Source "ChessBase"]
[SourceDate "2021.10.24"]
[SourceVersion "1"]
[SourceVersionDate "2021.10.24"]
[SourceQuality "1"]

1. e4 e6 2. d3 d5 3. Nd2 Nf6 4. Ngf3 Be7 5. g3 c5 6. Bg2 Nc6 7. 0-0 0-0 8. Re1 b5 9. e5 Nd7 10. Nf1 a5 11. h4 a4 12. a3 1-0

[Event "FICGS rapid M 000116 email"]
[Site "FICGS email"]
[Date "2020.06.21"]
[Round "1"]
[White "Kosic, Branko"]
[Black "Cirulis, Ilmars"]
[Result "1/2-1/2"]
[WhiteElo "2260"]
[BlackElo "2180"]
[PlyCount "30"]
[EventDate "2020.??.??"]
[EventType "tourn (rapid)"]
[EventRounds "6"]
[SourceTitle "Corr 2022"]
[Source "ChessBase"]
[SourceDate "2021.10.24"]
[SourceVersion "1"]
[SourceVersionDate "2021.10.24"]
[SourceQuality "1"]

1. e4 c5 2. Be2 Nc6 3. f4 d5 4. d3 dxe4 5. dxe4 Qxd1+ 6. Bxd1 e5 7. Nc3 Bd6 8. f5 g6 9. fxg6 hxg6 10. Nf3 Be6 11. Nb5 Rd8 12. c3 Bb8 13. Be3 b6 14. Na3 Ke7 15. Be2 Na5 1/2-1/2

[Event "FICGS rapid M 000116 email"]
[Site "FICGS email"]
[Date "2020.06.21"]
[Round "1"]
[White "Werner, Frank Karl"]
[Black "Kosic, Branko"]
[Result "1/2-1/2"]
[WhiteElo "2213"]
[BlackElo "2260"]
[PlyCount "79"]
[EventDate "2020.??.??"]
[EventType "tourn (rapid)"]
[EventRounds "6"]
[SourceTitle "Corr 2022"]
[Source "ChessBase"]
[SourceDate "2021.10.24"]
[SourceVersion "1"]
[SourceVersionDate "2021.10.24"]
[SourceQuality "1"]

1. c4 c5 2. Nc3 g6 3. Nf3 Bg7 4. g3 Nc6 5. Bg2 e5 6. a3 a5 7. Rb1 Nge7 8. 0-0 d6 9. d3 0-0 10. h3 Rb8 11. b3 h6 12. Nd2 Kh7 13. Re1 Be6 14. Nd5 b5 15. e3 Bd7 16. Nc3 b4 17. Nb5 f5 18. a4 Bc8 19. f4 Qd7 20. Bb2 Nd8 21. Nf3 Nf7 22. Rc1 Bb7 23. Rc2 Rg8 24. Rf2 Rbd8 25. Qc2 Bc6 26. Kh2 Rde8 27. Nh4 Bxg2 28. Nxg2 Nc6 29. e4 exf4 30. gxf4 Nd4 31. Bxd4 cxd4 32. exf5 Qxf5 33. Rfe2 Rxe2 34. Qxe2 Ng5 35. fxg5 Be5+ 36. Kg1 Qxh3 37. Qf2 hxg5 38. Rxe5 dxe5 39. Nd6 Qxd3 40. Kh2 1/2-1/2

[Event "FICGS class M 000089 email"]
[Site "FICGS email"]
[Date "2020.04.21"]
[Round "1"]
[White "Rita, Giacomo"]
[Black "Kosic, Branko"]
[Result "1/2-1/2"]
[WhiteElo "2303"]
[BlackElo "2245"]
[PlyCount "74"]
[EventDate "2020.??.??"]
[EventType "tourn (corr)"]
[EventRounds "6"]
[SourceTitle "Corr 2022"]
[Source "ChessBase"]
[SourceDate "2021.10.24"]
[SourceVersion "1"]
[SourceVersionDate "2021.10.24"]
[SourceQuality "1"]

1. e4 c5 2. Nf3 Nc6 3. d4 cxd4 4. Nxd4 Nf6 5. Nc3 e5 6. Ndb5 d6 7. Bg5 a6 8. Na3 b5 9. Bxf6 gxf6 10. Nd5 f5 11. Bd3 Be6 12. 0-0 Bxd5 13. exd5 Ne7 14. c3 Bg7 15. Qh5 e4 16. Bc2 0-0 17. Rae1 Qc8 18. g4 b4 19. Nb1 Rb8 20. gxf5 Nxd5 21. Bxe4 Nf6 22. Qf3 Kh8 23. Kh1 Qc7 24. Bc2 Qc5 25. Bb3 Bh6 26. Qh3 Bf4 27. cxb4 Rxb4 28. Nc3 Bg5 29. f3 Rh4 30. Qg3 Qxf5 31. Ne4 Nxe4 32. fxe4 Qe5 33. Qxe5+ dxe5 34. Rxf7 Rxf7 35. Bxf7 a5 36. Re2 Kg7 37. Be6 Rh6 1/2-1/2

[Event "FICGS class M 000089 email"]
[Site "FICGS email"]
[Date "2020.04.21"]
[Round "1"]
[White "Sorbi, Luca"]
[Black "Kosic, Branko"]
[Result "1/2-1/2"]
[WhiteElo "2278"]
[BlackElo "2245"]
[PlyCount "73"]
[EventDate "2020.??.??"]
[EventType "tourn (corr)"]
[EventRounds "6"]
[SourceTitle "Corr 2022"]
[Source "ChessBase"]
[SourceDate "2021.10.24"]
[SourceVersion "1"]
[SourceVersionDate "2021.10.24"]
[SourceQuality "1"]

1. d4 f5 2. g3 Nf6 3. Bg2 g6 4. Nf3 Bg7 5. 0-0 0-0 6. c4 d6 7. Nc3 c6 8. d5 e5 9. dxe6 Bxe6 10. Qd3 Nbd7 11. Bf4 Nb6 12. b3 d5 13. Ng5 Bc8 14. cxd5 h6 15. Nf3 Nfxd5 16. Be5 Nb4 17. Qd1 Be6 18. Rc1 Re8 19. Bxg7 Kxg7 20. Nd4 Bf7 21. a3 N4d5 22. Nxd5 Bxd5 23. e3 Bxg2 24. Kxg2 Qe7 25. b4 Rad8 26. Qb3 Nd5 27. Rfd1 Rd7 28. Qb2 Kh7 29. Nf3 Red8 30. Rd4 Nf6 31. Rc5 Rxd4 32. Re5 Qf7 33. exd4 a6 34. Qe2 Ne4 35. h4 Re8 36. Qe3 Nf6 37. Rxe8 1/2-1/2

[Event "FICGS class M 000087 email"]
[Site "FICGS email"]
[Date "2020.01.03"]
[Round "1"]
[White "Kosic, Branko"]
[Black "Kasznia, Ireneusz"]
[Result "1-0"]
[WhiteElo "2207"]
[BlackElo "2202"]
[PlyCount "115"]
[EventDate "2020.??.??"]
[EventType "tourn (corr)"]
[EventRounds "6"]
[SourceTitle "Corr 2022"]
[Source "ChessBase"]
[SourceDate "2021.10.24"]
[SourceVersion "1"]
[SourceVersionDate "2021.10.24"]
[SourceQuality "1"]

1. e4 d6 2. d4 g6 3. Nc3 Bg7 4. Be3 Nf6 5. Qd2 0-0 6. 0-0-0 c6 7. f3 b5 8. Bh6 b4 9. Nce2 Qa5 10. Kb1 c5 11. h4 Nc6 12. Bxg7 Kxg7 13. d5 b3 14. cxb3 Qxd2 15. Rxd2 Ne5 16. Ng3 h5 17. N1e2 a5 18. Nc3 Nfd7 19. f4 Ng4 20. Bd3 Nb6 21. a4 Ba6 22. Nb5 Rad8 23. Rc1 Bxb5 24. Bxb5 Na8 25. Ka2 Nc7 26. Bc4 Rb8 27. Re1 Rb4 28. Nf1 Rb6 29. g3 Rfb8 30. Rde2 Nf6 31. Ne3 Nxe4 32. f5 Nf6 33. fxg6 Kxg6 34. Rf1 Kh7 35. Kb1 Kh8 36. Kc1 Rf8 37. Nf5 e5 38. Ne7 Kg7 39. Rf5 Ra8 40. Ref2 Nce8 41. Rg5+ Kf8 42. Nf5 Rab8 43. Nh6 Ke7 44. Rf3 Nc7 45. Nf5+ Kf8 46. Rf1 R8b7 47. Nh6 Nce8 48. Bb5 Rxb5 49. axb5 Rb6 50. Rxh5 Rxb5 51. Rg5 Rb7 52. g4 Rc7 53. Rgf5 Kg7 54. g5 Nxd5 55. Rxf7+ Kg6 56. Rxc7 Nexc7 57. Nf5 Nf4 58. Nxd6 1-0

[Event "FICGS class M 000087 email"]
[Site "FICGS email"]
[Date "2020.01.03"]
[Round "1"]
[White "Kosic, Branko"]
[Black "Sorbi, Luca"]
[Result "1/2-1/2"]
[WhiteElo "2207"]
[BlackElo "2213"]
[PlyCount "76"]
[EventDate "2020.??.??"]
[EventType "tourn (corr)"]
[EventRounds "6"]
[SourceTitle "Corr 2022"]
[Source "ChessBase"]
[SourceDate "2021.10.24"]
[SourceVersion "1"]
[SourceVersionDate "2021.10.24"]
[SourceQuality "1"]

1. e4 e5 2. Nf3 Nf6 3. Nxe5 d6 4. Nf3 Nxe4 5. Nc3 Nxc3 6. dxc3 Be7 7. Be3 0-0 8. Qd2 Nd7 9. 0-0-0 Ne5 10. Nxe5 dxe5 11. Bd3 Be6 12. Qe2 Qe8 13. Kb1 f5 14. f3 Qg6 15. h4 h5 16. Bc1 Bd6 17. Rhg1 Rae8 18. Bb5 Rd8 19. b3 e4 20. Bg5 Ra8 21. Qe3 a6 22. Be2 Rae8 23. Bf4 Bxf4 24. Qxf4 Rf7 25. Kb2 Kh7 26. g3 Bd7 27. a4 b5 28. a5 Bc6 29. Rd4 Rfe7 30. Rgd1 Qf6 31. R1d2 g6 32. fxe4 Qg7 33. exf5 Rxe2 34. fxg6+ Qxg6 35. Qxc7+ R8e7 36. Qd8 Be8 37. Rd6 Qg7 38. Rxe2 Rxe2 1/2-1/2